| Поле | Название | Значение |
| |
Тип записи |
a |
| |
Библиографический уровень |
m |
| 001 |
Контрольный номер |
RU/REG73/CBS_GRAD/33ccb6fcc00449d3b546707e0e0df8b0 |
| 005 |
Дата корректировки |
20230519165128.5 |
| 100 |
Данные общей обработки |
__ |
| a |
Данные общей обработки |
20230519d 0rusy0189## ca |
| 101 |
Язык документа |
0_ |
| a |
Язык текста |
rus |
| 102 |
Страна публикации |
__ |
| a |
Страна публикации |
RU |
| 200 |
Заглавие и сведения об ответственности |
1_ |
| a |
Заглавие |
Сыны Отечества |
| f |
Первые сведения об ответственности |
Анатолий Семенович Варшавский ; рисунки Г. Равинской |
| 210 |
Выходные данные |
1_ |
| a |
Место издания |
Москва |
| c |
Издательство |
Детская литература |
| d |
Дата издания |
1987 |
| 215 |
Физическое описание |
__ |
| a |
Объем |
303 с.: ил. |
| 225 |
Серия |
2_ |
| a |
Серия |
Библиотечная серия |
| 686 |
Индексы других классификаций |
__ |
| a |
Классификационный индекс |
63.3(2)46 |
| 700 |
Автор |
_1 |
| a |
Фамилия |
Варшавский |
| g |
Полное личное имя |
Анатолий Семенович |
| 801 |
Источник записи |
_0 |
| a |
Страна |
RU |
| b |
Организация |
RuCBSGrad |
| c |
Дата составления |
20230519 |
| g |
Правила каталогизации |
RCR |
| 801 |
Источник записи |
_1 |
| a |
Страна |
RU |
| b |
Организация |
RuCBSGrad |
| c |
Дата составления |
20230519 |
| g |
Правила каталогизации |
RCR |
| 901 |
Тип документа |
__ |
| t |
Тип документа |
m |